Online
Catalog

Libros de los viajes o de las presencias / (Record no. 21692)

MARC details
000 -CABECERA
campo de control de longitud fija 00692nam a2200217 a 4500
001 - NÚMERO DE CONTROL
campo de control 000022194
005 - FECHA Y HORA DE LA ÚLTIMA TRANSACCIÓN
campo de control 20200930011626.0
008 - DATOS DE LONGITUD FIJA--INFORMACIÓN GENERAL
campo de control de longitud fija 100917s1973 ck r 000 e spa d
040 ## - FUENTE DE LA CATALOGACIÓN
Centro catalogador/agencia de origen DO-SdBNP
Lengua de catalogación spa
Centro/agencia transcriptor BNPHU
082 ## - NÚMERO DE LA CLASIFICACIÓN DECIMAL DEWEY
Número de clasificación C864.42
Número de documento/Ítem G643L, 1973
049 ## - FONDOS LOCALES (OCLC)
Fondos de biblioteca BNGR
100 1# - ENTRADA PRINCIPAL--NOMBRE DE PERSONA
Nombre de persona González, Fernando
9 (RLIN) 45915
245 10 - MENCIÓN DE TÍTULO
Título Libros de los viajes o de las presencias /
Mención de responsabilidad, etc. Fernando González.
250 ## - MENCIÓN DE EDICIÓN
Mención de edición 2a ed.
260 ## - PUBLICACIÓN, DISTRIBUCIÓN, ETC.
Lugar de publicación, distribución, etc. Medellín, República de Colombia :
Nombre del editor, distribuidor, etc. Bedout,
Fecha de publicación, distribución, etc. 1973.
300 ## - DESCRIPCIÓN FÍSICA
Extensión 219, [2] P. ;
Dimensiones 18 cm.
490 1# - MENCIÓN DE SERIE
Mención de serie Bolsilibros bedout
Designación de volumen o secuencia 142
650 #4 - PUNTO DE ACCESO ADICIONAL DE MATERIA--TÉRMINO DE MATERIA
Término de materia o nombre geográfico como elemento de entrada Ensayos colombianos
9 (RLIN) 14811
650 #4 - PUNTO DE ACCESO ADICIONAL DE MATERIA--TÉRMINO DE MATERIA
Término de materia o nombre geográfico como elemento de entrada Literatura colombiana
Subdivisión cronológica SIGLO XX
9 (RLIN) 14409
830 #0 - PUNTO DE ACCESO ADICIONAL DE SERIE-TÍTULO UNIFORME
Título uniforme Bolsilibros bedout ;
Designación de volumen o secuencia 142
9 (RLIN) 3750

No items available.

Powered by Koha